000 00608nam a2200229Ia 4500
003 OSt
005 20221007072118.0
006 a|||||r|||| 00| 0
007 ta
008 221006b |||||||| |||| 00| 0 eng d
024 _a11,114
037 _cTextual
040 _aFLL
_cFLL
_beng
041 _2eng
_aeng
082 _aV1:2:N6, K8
100 _aPhillips Wolf Au.
_9690081
245 0 _aConstitutions of modern states
260 _aLondon
_bPall mall press London
_c1968
300 _a274p
_ccm.
942 _hV1:2:N6, K8
_cTEXL
_2CC
999 _c1145225
_d1145225